00621nam a2200193Ia 4500008004100000041000800041082001600049100002100065245003100086250001400117260004200131300000900173500003100182650000800213700002100221906000700242999001700249952016100266230125s9999 xx 000 0 und d aeng a344.01bJAI aJain S P9107129 aIndustrial and Labour Laws a 15th Ed. c2011bDhanpat Rai and sonsaNew Delhi a300p aIndustrial and Labour Laws aLaw aJain S P9107129 b25 c87121d87121 00104070aHIMRbHIMRd2006-10-14eGoels Computer Hutg165.00i989l0o344.01 JAI B05577pHIMR-BK-5577r2023-01-25 00:00:00v140.00w2006-10-14yBKzB05577